Countries Best Football Players - Statistics

General Stats
  • This quiz has been taken 26 times
  • The average score is 25 of 194
Answer Stats
Countries Players % Correct
Argentina Lionel Messi
96%
Portugal Cristiano Ronaldo
78%
Belgium Eden Hazard
78%
Bosnia and Hertzegovena Edin Dzeko
65%
Croatia Luka Modric
65%
Denmark Christian Eriksen
57%
Brazil Pele
57%
Austria David Alaba
52%
Netherlands Johan Cruyff
52%
Uruguay Luis Suarez
52%
Egypt Mohamed Salah
52%
Australia Tim Cahill
52%
Chile Alexis Sanchez
48%
Ivory Coast Didier Drogba
48%
Wales Gareth Bale
48%
Colombia James Rodriguez
48%
Algeria Riyad Mahrez
48%
Republic of Ireland Roy Keane
48%
France Zinedine Zidane
48%
Sweden Zlatan Ibrahimovic
48%
South Korea Heung Min Son
43%
Czech Republic Petr Cech
43%
Spain Andres Iniesta
39%
Ukraine Andriy Shevchenko
39%
England David Beckham
39%
Armenia Henrikh Mkhitaryan
39%
Costa Rica Keylor Navas
39%
Finland Jari Litmanen
35%
Gabon Pierre-Emerick Aubameyang
35%
Poland Robert Lewandowski
35%
Switzerland Xherdan Shaqiri
35%
Turkey Arda Turan
30%
Togo Emmanuel Adebayor
30%
Nigeria Jay Jay Okocha
30%
United States of America Landon Donovan
30%
Senegal Sadio Mane
30%
Japan Shinji Kagawa
30%
Italy Alessandro Del Piero
26%
Ecuador Antonio Valencia
26%
Ghana Asamoah Gyan
26%
Hungary Ferenc Puskas
26%
Northern Ireland George Best
26%
Liberia George Weah
26%
Belarus Alexander Hleb
22%
Trinidad and Torbago Dwight Yorke
22%
Romania Gheorghe Hagi
22%
Bulgaria Hristo Stoichkov
22%
Slovenia Jan Oblak
22%
Jamaica Leon Bailey
22%
Albania Lorik Cana
22%
Germany Toni Kroos
22%
Israel Yossi Benayoun
22%
Russia Lev Yashin
17%
Slovakia Martin Skrtel
17%
Guinea Naby Keita
17%
Serbia Nemanja Matic
17%
Norway Ole Gunnar Solskjaer
17%
Cameroon Roger Milla
17%
Mali Seydou Keita
17%
Tunisia Wahbi Khazri
17%
South Africa Benni McCarthy
13%
Guatemala Carlos Ruiz
13%
Macedonia Goran Pandev
13%
Morocco Hakim Ziyech
13%
North Korea Jong Tae-se
13%
Peru Paolo Guerrero
13%
Paraguay Roque Santa Cruz
13%
New Zealand Winston Reid
13%
Greece Giorgos Karagounis
9%
Andorra Illdefons Lima
9%
Liechtenstein Mario Frick
9%
Tanzania Mbwana Samatta
9%
Malta Michael Mifsud
9%
Venezuela Salomon Rondon
9%
Montenegro Stevan Jovetic
9%
Kenya Victor Wanyama
9%
Congo Yannick Bolasie
9%
St Kitts and Nevis Aaron Harris
4%
Qatar Abdelkarim Hassan
4%
Angola Akwa
4%
Oman Ali Al-Habsi
4%
Libya Al-Saaidi Gaddafi
4%
San Marino Andy Selva
4%
Canada Atiba Hutchinson
4%
Indonesia Bambang Pamungkas
4%
Burkina Faso Charles Kabore
4%
Equatorial Guinea Emilio Nsue
4%
Georgia Herschel Walker
4%
Zambia Kalusha Bwalya
4%
El Salvador Magico Gonzalez
4%
Latvia Marians Pahars
4%
Honduras Maynor Figueroa
4%
Sierra Leone Mohamed Kallon
4%
Cuba Osvaldo Alonso
4%
Zimbabwe Peter Ndlovu
4%
Estonia Ragnar Klavan
4%
Panama Roman Torres
4%
Fiji Roy Krishna
4%
Burundi Saido Berahino
4%
Benin Stephane Sessegnon
4%
China Wu Lei
4%
Iraq Younis Mahmoud
4%
Djibouti Ahmed Daher
0%
Moldova Alexandru Epureanu
0%
Guyana Alex Bunbury
0%
Maldives Ali Ashfaq
0%
Mauritania Aly Abeid
0%
Nepal Anil Gurung
0%
Myanmar Aung Thu
0%
Bahamas Cameron Hepple
0%
Dominica Chad Bertrand
0%
Cambodia Chan Vathanaka
0%
Bhutan Chencho Gyeltshen
0%
Vanuatu Chikau Mansale
0%
St Vincent and the Grenadines Cornelius Bernard Huggins
0%
Suriname Dean Gorre
0%
Cyprus Demetris Christofi
0%
Uganda Denis Onyango
0%
Belize Deon McCaulay
0%
Samoa Desmond Fa'aiuaso
0%
Mozambique Domingues
0%
Lithuania Edgaras Jankauskas
0%
Haiti Emmanuel Sanon
0%
Kuwait Fahad Al Ansari
0%
Saudi Arabia Fahad Al-Muwallad
0%
Brunei Faiq Bolkiah
0%
Singapore Fandi Ahmad
0%
Madagascar Faneva Ima Andriatsima
0%
Tajikistan Fatkhullo Fatkhuloev
0%
Syria Firas Al-Khatib
0%
Central African Republic Foxi Kethevoama
0%
Malawi Gabadinho Mhango
0%
Ethiopia Getaneh Kebede
0%
Mexico Guillermo Sepulveda
0%
Azerbaijan Gurban Gurbanov
0%
Iceland Gylfi Sigyrdsson
0%
Rwanda Haruna Niyonzima
0%
Eritrea Henok Goitom
0%
Solomon Islands Henry Fa'arodo
0%
Mauritius Jacques-Desire Periatambee
0%
Sudan James Moga
0%
Comoros Jimmy Abdou
0%
Dominican Republic Jonathan Fana
0%
Gibraltar Joseph Chipolina
0%
Nicaragua Juan Barrera
0%
Bolivia Julio Cesar Baldivieso
0%
Pakistan Kaleemullah Khan
0%
Bangladesh Kazi Salahuddin
0%
Chad Kevin Nicaise
0%
St Lucia Kurt Frederick
0%
Kiribati Lawrence Nemeia
0%
Taiwan Lee Tai-lin
0%
Somalia Liban Abdi
0%
Luxembourg Louis Pilot
0%
Sao Tome Luis Leal
0%
Jordan Mahmoud Shelbaieh
0%
Nauru Mark Yeates
0%
Palau McGee Mereb
0%
Kyrgyzstan Mirlan Murzaev
0%
Botswana Mogogi Gabonamong
0%
Yemen Mohammed Ayash
0%
Malaysia Mokhtar Dahari
0%
East Timor Murilo de Almeida
0%
Mongolia Murun Altankhuyag
0%
Vietnam Nguyen Quang Hai
0%
Tuvalu Okilani Tinilau
0%
Monaco Olivier Lechner
0%
United Arab Emirates Omar Abdulrahman
0%
Gambia Pa Modou Jagne
0%
Philippines Paulino Alcantara
0%
Antigua & Barbuda Peter Byers
0%
Barbados Raheim Sargeant
0%
Seychelles Ralph Jean-Louis
0%
Papa New Guinea Raymond Gunemba
0%
Lebanon Roda Antar
0%
Namibia Rudolf Bester
0%
Cape Verde Ryan Mendes
0%
Kazakhstan Samat Smakhov
0%
Iran Sardar Azmoun
0%
Vatican City Saverio Di Pofi
0%
Bahrain Sayed Mohamed Adnan
0%
Uzbekhistan Server Djeparov
0%
Grenada Shalrie Joseph
0%
Tonga Sione Uhatahi
0%
Laos Soukaphone Vongchiengham
0%
Micronesia Stan Foster
0%
Sri Lanka Sujan Perera
0%
Turkmenistan Suleyman Muhadow
0%
India Sunil Chhetri
0%
Thailand Teerasil Dangda
0%
Lesotho Thapelo Tale
0%
Marshall Islands Vic Postula
0%
Guinea-Bissau Zezinho
0%
Afghanistan Zohib Islam Amiri
0%
No matching quizzes found
Score Distribution
Percent of People with Each Score
Percentile by Number Answered
Your Score History
You have not taken this quiz